00493nam a2200145 450000500170000001000150001702000260003203500140005803700090007208200080008124501080008926000470019727000830024430000200032720241024142130.0 aENG-142381 a9789351950493c199.00 aEN-125913 bDBAD a260 aGuru Nanak:bWhat Guru Nanak Did, What Guru Nanak Said The Thinker and The Poet/cEdited By Astri Ghosh aGurugrambHachette Books Publishing c2016 a4th and 5th Floor, Corporate Centre, Plot No.-94, Sector 44,bGurugrame122003 a136p.c18cm(pb)